| 000 | 00941cam a2200325 4500 | ||
|---|---|---|---|
| 001 | 122806 | ||
| 005 | 20230411085948.0 | ||
| 008 | 080613s2008 fr b 000 0 fre d | ||
| 020 | _a9782130569695 | ||
| 020 | _a2130569692 | ||
| 035 | _a(CaOOAMICUS)000034452235 | ||
| 040 |
_aCaOOU _bfre _dCaQQLA _dCaQQCUBIQ |
||
| 055 | 0 | 0 |
_aHB 62 _bB562c 2008 |
| 082 | 0 | 0 | _a330 |
| 100 | 1 | _aBetbèze, Jean-Paul. | |
| 245 | 1 | 4 |
_aLes 100 mots de l'économie / _cJean-Paul Betbèze. |
| 246 | 3 | _aCent mots de l'économie | |
| 250 | _a3e éd. mise à jour | ||
| 260 |
_aParis : _bPresses universitaires de France, _cc2008. |
||
| 300 |
_a126 p. ; _c18 cm. |
||
| 440 | 0 |
_aQue sais-je ; _v3731 |
|
| 490 | 1 |
_aQue sais-je ; _v3731 |
|
| 504 | _aBibliogr. | ||
| 650 | 0 | _aEconomics | |
| 650 | 0 |
_aEconomics _vTerminology. |
|
| 650 | 4 |
_aEconomía _vTerminología. |
|
| 650 | 6 |
_aÉconomie politique _xTerminologie. |
|
| 942 |
_2lcc _cbk |
||
| 946 | _aJaaM | ||
| 999 |
_c110071 _d110071 |
||